| 000 | 00969cam a2200229 4500 | ||
|---|---|---|---|
| 001 | ABS65646 | ||
| 008 | 020710n2002 000 0 eng u | ||
| 035 | _a(Sirsi) u118758 | ||
| 100 | _aLock, D. | ||
| 245 | _aRPG the government can't let go | ||
| 260 | _c2002 | ||
| 490 |
_aTown & Country Planning _v71(6) June 2002, 155(1) |
||
| 520 | _aSerious problems have arisen in many regions after the constant meddling and redrafting by regional government offices on the reports of Regional Planning Guidance Councils. In so doing the government has given the green light to local political vested interests to destabilise RPG. Philis Vicary argues for the need for elected regional planning bodies free of government interference. | ||
| 590 | _aABS | ||
| 650 | _aREGIONAL PLANNING ASSEMBLIES | ||
| 650 | _aRPG | ||
| 650 | _aSTRATEGIC PLANNING | ||
| 650 | _aPUBLIC CONSULTATIONS | ||
| 650 | _aREGIONS | ||
| 690 |
_aPlanning and development _96259 |
||
| 942 | _n0 | ||
| 999 |
_c70698 _d70698 |
||